00609nam a2200181 a 450000500170000000800410001702000180005805000280007610000190010424501090012326000440023230000170027644000330029365000230032665000200034965000210036965000370039020140412111333.0040616s19uu xx 00 eng d a0-316-03466-5 aTR(GS 303.3'2bA45 1996 aAllison, Linda aHowdy do me and you :bgetting along for you and your young child /cby Linda Allison and Martha Weston. aBoston :bLittle Brown and Comp,c1996. a47 p. ; ill. aA Brown paper preschool book aPreschool children aSocial learning aParent and child aCreative activities and seatwork